Історія психології ХІХ - п. ХХ ст. (Запис № 338511)

МАРК-запис
000 -Лідер
fixed length control field 00660nam a22002417a 4500
003 - Ідентифікатор контрольного номера
control field UA-OsUOA
001 - Контрольний номер
control field 52425
007 - Фіксоване поле фізичного опису
fixed length control field ta
008 - Елементи даних фіксованої довжини – загальна інформація
fixed length control field 20080213b un ||||| |||| 00| 0 ukr d
090 ## - Локальний шифр розміщення
Класифікаційний індекс УДК 159(091)
Авторський знак (НП) Р70
040 ## - Джерело каталогізації
Агенція оригінальної каталогізації UA-OsUOA
Мова каталогізації ukr
Агенція, яка здійснювала перезапис UA-OsUOA
Агенція, яка здійснювала модифікацію UA-OsUOA
041 ## - Код мови
Код мови тексту/ звукової доріжки чи окремого заголовка (П) ukr
080 ## - Індекс Універсальної десяткової класифікації
Індекс Універсальної десяткової класифікації (УДК) (НП) 159(091)
020 ## - Міжнародний стандартний книжковий номер (ISBN)
Міжнародний стандартний книжковий номер (ISBN) (НП) 978-966-06-0485-8
100 ## - Основне введення – ім’я особи
Ім’я особи (НП) Роменець В. А
245 ## - Відомості про назву
Назва (НП) Історія психології ХІХ - п. ХХ ст.
Решта назви (НП) Навчальний посібник
260 ## - Публікація, розповсюдження і т.п. (Вихідні дані)
Місце публікації, розповсюдження і т.п. (П) К.
Ім’я/ наймення видавництва, розповсюджувача і т.п. (П) Либідь
Дата публікації, розповсюдження і т.п. (П) 2007
300 ## - Фізичний опис
Обсяг 826 с.
650 #7 - Додаткове предметне введення – тематичний термін
Тематичний термін чи географічна назва, як елемент введення (НП) 1 Філософські науки
Джерело заголовка чи терміна UDC
942 ## - Додаткові елементи входу (Коха)
Тип елемента Koha Книги
955 ## - Код типу видання за змістом
Код типу видання за змістом (НП) Навчальні видання
Фонди
Стан вилучень Стан втрат Джерело класифікації або схеми стелажів Стан уражень Не для кредиту Постійне місце розташування Поточне розміщення Дата придбання Джерело придбання Вартість, звичайна ціна покупки Інвентарний номер Усього замовленно Повний номер виклику Штрих-код Дата останнього перегляду Ціна ефективна від Тип елемента Koha Дата останньої перевірки
    Universal Decimal Classification     АБ - Абонемент НБ АБ - Абонемент НБ 13/02/2008 18/2008 69.10 111529   159(091) Р70 111529 01/11/2021 13/02/2008 Книги  
    Universal Decimal Classification     АБ - Абонемент НБ АБ - Абонемент НБ 13/02/2008 18/2008 69.10 111530   159(091) Р70 111530 01/11/2021 13/02/2008 Книги  
    Universal Decimal Classification     АБ - Абонемент НБ АБ - Абонемент НБ 13/02/2008 18/2008 69.10 111531   159(091) Р70 111531 29/10/2021 13/02/2008 Книги  
    Universal Decimal Classification     АБ - Абонемент НБ АБ - Абонемент НБ 13/02/2008 18/2008 69.10 111532   159(091) Р70 111532 29/10/2021 13/02/2008 Книги  
    Universal Decimal Classification     АБ - Абонемент НБ АБ - Абонемент НБ 13/02/2008 18/2008 69.10 111533   159(091) Р70 111533 29/10/2021 13/02/2008 Книги  
    Universal Decimal Classification     АБ - Абонемент НБ АБ - Абонемент НБ 06/03/2009 29/2009 69.10 119954 1 159(091) Р70 119954 29/10/2021 13/02/2008 Книги 17/07/2019
    Universal Decimal Classification     ЧЗ - Читальна зала ЧЗ - Читальна зала 13/02/2008 18/2008 69.10 111524   159(091) Р70 111524 07/02/2022 13/02/2008 Книги  
    Universal Decimal Classification     ЧЗ - Читальна зала ЧЗ - Читальна зала 13/02/2008 18/2008 69.10 111525   159(091) Р70 111525 07/02/2022 13/02/2008 Книги  
    Universal Decimal Classification     ЧЗ - Читальна зала ЧЗ - Читальна зала 13/02/2008 18/2008 69.10 111526   159(091) Р70 111526 07/02/2022 13/02/2008 Книги  
    Universal Decimal Classification     ЧЗ - Читальна зала ЧЗ - Читальна зала 13/02/2008 18/2008 69.10 111527   159(091) Р70 111527 07/02/2022 13/02/2008 Книги  
    Universal Decimal Classification     ЧЗ - Читальна зала ЧЗ - Читальна зала 13/02/2008 18/2008 69.10 111528   159(091) Р70 111528 07/02/2022 13/02/2008 Книги